| 000 | 00614nam a22002417a 4500 | ||
|---|---|---|---|
| 003 | OSt | ||
| 005 | 20140310182952.0 | ||
| 008 | 130206t xxu||||| |||| 00| 0 eng d | ||
| 020 | _a971234424X | ||
| 050 |
_aHD 58.7 _b.Z37 2006 |
||
| 082 | _b | ||
| 100 | _aZarate, Cynthia A. | ||
| 245 |
_aOrganizational behavior and management in Philippine organizations / _cCynthia A. Zarate |
||
| 260 |
_aManila : _bRex Book Store, _c2006. |
||
| 300 |
_a214 p. : _c23 cm. |
||
| 521 | _aBSBA | ||
| 562 | _e4 | ||
| 942 |
_2lcc _cBK _kLOC |
||
| 999 |
_c17924 _d17924 |
||